| 000 | 04120nam0a2200553 4500 | ||
|---|---|---|---|
| 001 | RU\NLR\bibl\1807960 | ||
| 005 | 20260406154145.0 | ||
| 010 |
_a978-5-271-35653-7 _bАстрель |
||
| 010 |
_a978-5-7390-2521-0 _bКРПА Олимп _93000 |
||
| 021 |
_aRU _b2011-61048 _94294 |
||
| 035 | _a(nilc)IZD\AST\2007\1090550 | ||
| 035 | _a(NLR Aleph) 001798599 | ||
| 090 |
_a1788162 _c1788162 |
||
| 100 | _a20110728d2011 |||y0rusy50 ca | ||
| 101 | 0 | _arus | |
| 102 | _aRU | ||
| 105 | _ay z ||||| | ||
| 200 | 1 |
_aМоя прекрасная графиня, или Любимая женщина Гоголя и Дюма _fНина Молева |
|
| 210 |
_aМосква _cAстрель _cКРПА Олимп _d2011 |
||
| 215 |
_a287 с. _d17 |
||
| 225 | 1 | _aКумиры. Истории великой любви | |
| 330 | _aГрафиня Евдокия Ростопчина. Одна из самых красивых женщин Европы, чьими стихами восхищались Пушкин и Лермонтов. Ее боготворили и презирали за <легкость бытия>. Она была слишком независима. Ростопчи=на = первая женщина, которая не побоялась пойти против течения. Ее ис=тория = история XVIII века. Но главное = ее мужчины.., Ловелас Александр Дюма любил в своей жизни только двух женщин. Одна из них = графиня Ростопчина. И, пожалуй, главная тайна ее жизни = Гоголь. Правда об их любви до сих пор волнует историков. Когда Николай Васильевич умер, в комнате с его гробом всю ночь простояла женщина. Ее лица под вуалью не увидел никто. А на могиле Гоголя еще долгое время каждый год появлялись белые розы. В новой пронзительной книге автора исторических бестселлеров Нины Молевой впервые приводится засекреченный архивный документ, проливающий свет на смерть Гоголя | ||
| 517 | 0 | _aЛюбимая женщина Гоголя и Дюма | |
| 600 | 1 |
_aРостопчина _bЕ. П. _f1811 - 1858 _gЕвдокия Петровна _xв художественной литературе _92589508 _3RU\NLR\auth\661530388 |
|
| 600 | 1 |
_aГоголь _bН.В. _f1809 - 1852 _gНиколай Васильевич _xв художественной литературе _91460849 _3RU\NLR\auth\66310243 |
|
| 600 | 1 |
_aДюма _bА. _f1802 - 1870 _gАлександр _xв художественной литературе _91030579 _3RU\NLR\auth\66395220 |
|
| 686 |
_a83.3(2Рос=Рус)1-8 Гоголь Н.В. _vLBC/PL _2rubbk |
||
| 686 |
_a83.3(4Фра)-8 Дюма А. _vLBC/PL _2rubbk |
||
| 686 |
_a0683 _aБиографии _2TCC-BG |
||
| 686 | _aШ6(2=Р)8-443 | ||
| 686 | _aШ5(2=Р)51-4Ростопчина | ||
| 686 | _aШ5(2=Р)51-4Гоголь764 | ||
| 686 | _aШ5(4Фр)52-4Дюма(отец)764 | ||
| 700 | 1 |
_4070 _7ca _8rus _aМолева _bН. М. _f1925-2024 _gНина Михайловна _3RU\NLR\AUTH\771856 _9111874 |
|
| 702 | 1 |
_4570 _8rus _7ca _aГоголь _bН. В. _f1809-1852 _gНиколай Васильевич _3RU\NLR\AUTH\773480 _9113476 |
|
| 702 | 1 |
_4570 _8rus _7ca _aДюма _bА. _cотец _f1802-1870 _gАлександр _3RU\NLR\auth\776853 _9116800 |
|
| 801 | 0 |
_aRU _bЛИБНЕТ _c20110728 _gRCR |
|
| 801 | 1 |
_aRU _bЛИБНЕТ _c20110728 _2rusmarc |
|
| 801 | 2 |
_aRU _bЦУНБ Москва _c20110816 _gRCR |
|
| 801 | 2 |
_aRU _bNLR _c20110908 _grcr |
|
| 830 | _aCODE_OF_LIBNET\000062802 | ||
| 942 | _cBOOK | ||
| 980 | _aNB | ||
| 980 | _aNBR | ||